AFL Teams - Statistics

General Stats
  • This quiz has been taken 103 times
    100 since last reset
  • The average score is 17 of 18
Answer Stats
Hint Answer % Correct
Crows Adelaide
98%
Giants GWS
98%
Demons Melbourne
98%
Richmond Tigers
98%
Brisbane Lions
96%
Collingwood Magpies
96%
St. Kilda Saints
96%
Sydney Swans
95%
Bombers Essendon
94%
Bulldogs Western
94%
Geelong Cats
93%
Gold Coast Suns
93%
West Coast Eagles
91%
Hawks Hawthorn
91%
Power Port Adelaide
91%
Blues Carlton
90%
Kangaroos North Melbourne
90%
Fremantle Dockers
89%
No matching quizzes found
Score Distribution
Percent of People with Each Score
Percentile by Number Answered
Your Score History
You have not taken this quiz since the last reset